| 000 | 00673nam a2200217 a 4500 | ||
|---|---|---|---|
| 001 | 56216 | ||
| 003 | BD-RjUL | ||
| 005 | 20211209080352.0 | ||
| 008 | 161127s1960 bg ||||| |||| 00| 0 ben d | ||
| 035 | _a(BD-RjUL)56340 | ||
| 040 |
_aBD-RjUL _bben _cBD-RjUL _dBD-RjUL |
||
| 041 | _aben | ||
| 082 |
_223 _a891.442 _bFAA 1960 |
||
| 100 |
_aফজল, আবুল _9119187 |
||
| 245 | 1 | 0 |
_aআলোক লতা / _cআবুল ফজল |
| 260 |
_aচট্টগ্রাম : _bবইঘর, _c১৯৬০ |
||
| 300 |
_a১০৮ পৃ. ; _c২৩ সেমি. |
||
| 650 |
_aবাংলা নাটক _9167154 |
||
| 650 |
_aBengali Drama _9167155 |
||
| 942 |
_2ddc _cBK |
||
| 999 |
_c56216 _d56216 |
||